| 000 | 01451nam a2200349 a 4500 | ||
|---|---|---|---|
| 001 | ebr10588248 | ||
| 003 | CaPaEBR | ||
| 006 | m u | ||
| 007 | cr cn||||||||| | ||
| 008 | 960709s1996 gw sb 000 0 eng d | ||
| 010 | _z 96031731 | ||
| 020 | _z3110150956 (acid-free paper) | ||
| 020 | _z9783110150957 | ||
| 020 | _z9783110811117 (e-book) | ||
| 040 |
_aCaPaEBR _cCaPaEBR |
||
| 035 | _a(OCoLC)811372298 | ||
| 050 | 1 | 4 |
_aQA551 _b.L29 1996eb |
| 082 | 0 | 4 |
_a516.3/5 _220 |
| 245 | 0 | 0 |
_aLectures in real geometry _h[electronic resource] / _ceditor Fabrizio Broglia. |
| 260 |
_aBerlin ; _aNew York : _bWalter de Gruyter, _c1996. |
||
| 300 | _axiv, 268 p. | ||
| 440 | 0 |
_aDe Gruyter expositions in mathematics, _x0938-6572 ; _v23 |
|
| 500 | _a"Elaborated versions of the lectures given ... at the Winter School in Real Geometry, held in Universidad Complutense de Madrid, January 3-7, 1994"--Fwd. | ||
| 504 | _aIncludes bibliographical references. | ||
| 533 |
_aElectronic reproduction. _bPalo Alto, Calif. : _cebrary, _d2011. _nAvailable via World Wide Web. _nAccess may be limited to ebrary affiliated libraries. |
||
| 650 | 0 | _aGeometry, Analytic. | |
| 650 | 0 | _aGeometry, Algebraic. | |
| 655 | 7 |
_aElectronic books. _2local |
|
| 700 | 1 |
_aBroglia, Fabrizio, _d1948- |
|
| 710 | 2 | _aebrary, Inc. | |
| 856 | 4 | 0 |
_uhttp://site.ebrary.com/lib/rucke/Doc?id=10588248 _zAn electronic book accessible through the World Wide Web; click to view |
| 999 |
_c208278 _d208278 |
||